01177nas a2200265Ia 4500001001100000003000900011008004100020040001300061040001300074041001300087100004700100210001500147222001500162245007400177250001100251260002400262501008600286300001700372362002600389500021200415650004300627942000700670999001900677952021500696R137/97856IT-RoPAU151124c99999999xx |||||||||||| ||und|| aIT-RoPAU cIT-RoPAU aITALIANO aBiolghini DavidegCodice Aut. SPICS: 45760 aMULTIMEDIA aMultimedia aMULTIMEDIA, ANNO 01-N.03 (1991)bNuovi Paradigmi Per Nuove Tecnologie a1a ed. aTORINObSONDAc1991 bPaulus - SPICS - Società San Paolo EM (non-commercial uses only)cCopyright2015 a5 p. [47-51] aANNO 001, N.03 (1991) aDivario tra Evoluzione Tecnologica e Bisogni Reali della Didattica. Come Superare i Limiti dell'Approccio Verso le Nuove Tecnologie. Media Come Supporto Alla Comunicazione, Alla Gestione e Alla Cooperazione. aCOMUNICAZIONEvPUBBLICAZIONE PERIODICA cCR c109859d109859 0010406R_137_97856000000000071aSPICSbSPICSd2015-11-25l0oR137/97856r2015-11-25 00:00:00w2015-11-25yCRzProgr. Ins: 58168 / Copia rara: NO / date import: 25.11.2015 / By Epidotti, Trombetti, Vaglietti